Sự trả thù của bố già = The godfather's revenge
保存先:
| 第一著者: | |
|---|---|
| フォーマット: | 図書 |
| 言語: | Undetermined |
| 出版事項: |
Thành phố Hồ Chí Minh
Phương Đông
2012
|
| 主題: | |
| タグ: |
タグ追加
タグなし, このレコードへの初めてのタグを付けませんか!
|
| Thư viện lưu trữ: | Trung tâm Học liệu Trường Đại học Cần Thơ |
|---|
| LEADER | 00675nam a2200205Ia 4500 | ||
|---|---|---|---|
| 001 | CTU_180982 | ||
| 008 | 210402s9999 xx 000 0 und d | ||
| 020 | |c 190000 | ||
| 082 | |a 813.54 | ||
| 082 | |b W767 | ||
| 100 | |a Winegardner, Mark | ||
| 245 | 0 | |a Sự trả thù của bố già = | |
| 245 | 4 | |b The godfather's revenge | |
| 245 | 0 | |c Mark Winegardner ; Lê Quang Minh dịch | |
| 260 | |a Thành phố Hồ Chí Minh | ||
| 260 | |b Phương Đông | ||
| 260 | |c 2012 | ||
| 650 | |a Corleone family (Fictitious characters),Gia đình Corleone (nhân vật hư cấu) | ||
| 904 | |i Hải | ||
| 980 | |a Trung tâm Học liệu Trường Đại học Cần Thơ | ||